000 00534cam a2200181 a 4500
020 _a0618378243
082 0 0 _a808.83108382
245 0 0 _aFaith :
_bstories /
_cedited by C. Michael Curtis.
260 _aBoston :
_bHoughton Mifflin,
_c2003.
300 _ax, 318 p. ;
_c23 cm.
650 0 _aReligious fiction.
_981873
700 1 _aCurtis, C. Michael.
_981874
942 _2ddc
_cBK
999 _c586252
_d586252